| 000 | 01248nam a22002657a 4500 | ||
|---|---|---|---|
| 003 | UA-OsUOA | ||
| 001 | 117287 | ||
| 007 | ta | ||
| 008 | 20160517b un ||||| |||| 00| 0 ukr d | ||
| 100 | _aПридворов Н. А. | ||
| 700 | _aТихонова Е. В. | ||
| 090 |
_a261.7(470+571) _bП75 |
||
| 942 | _cBK | ||
| 040 |
_aUA-OsUOA _bukr _cUA-OsUOA _dUA-OsUOA |
||
| 245 | _aИнститут свободы совести и свободы вероисповедания в праве современной России | ||
| 300 | _a128 с. | ||
| 955 | _a1 | ||
| 041 | _aukr | ||
| 080 | _a261.7(470+571) | ||
| 020 | _a978-5-9516-0231-2 | ||
| 520 | 3 | _aОглавление1. Теоретико-правовая характеристика института свободы совести и свободы вероисповедания в российском праве2. Теоретико-правовой анализ законодательства, регулирующего институт свободы совести и свободы вероисповедания РФ | |
| 260 |
_aМ. _bЮриспруденция _c2007 |
||
| 650 | 7 |
_a26 Християнська Церква загалом _2UDC |
|
| 999 |
_c403313 _d403313 |
||